Capital and Country Mix-Up #2 - Statistics

General Stats
  • This quiz has been taken 82 times
  • The average score is 17 of 26
Answer Stats
Hint Answer % Correct
Amstands Amsterdam, Netherlands
98%
Buentina Buenos Aires, Argentina
93%
Havauba Havana, Cuba
88%
Islastan Islamabad, Pakistan
88%
Nairenya Nairobi, Kenya
81%
Pyonorea Pyongyang, North Korea
81%
Manipines Manila, Philippines
79%
Ulaanolia Ulaan Baatar, Mongolia
75%
Bakijan Baku, Azerbaijan
74%
Asunuay Asuncion, Paraguay
72%
Nasamas Nassau, Bahamas
72%
Newdia New Delhi, India
72%
Abudates Abu Dhabi, United Arab Emirates
70%
Mogamalia Mogadishu, Somalia
70%
Teguras Tegucigalpa, Honduras
61%
Thimutan Thimphu, Bhutan
61%
Tashistan Tashkent, Uzbekistan
60%
Paraname Paramaribo, Suriname
58%
Sanjorica San Jose, Costa Rica
54%
Banland Bangkok, Thailand
51%
Ouagaso Ouagadougou, Burkina Faso
51%
Naypanmar Naypyidaw, Myanmar
47%
Nukonga Nuku-Alofa, Tonga
47%
Rosenica Roseau, Dominica
46%
Portminea Port Moresby, Papua New Guinea
42%
Taraibati Tarawa, Kiribati
39%
No matching quizzes found
Score Distribution
Percent of People with Each Score
Percentile by Number Answered
Your Score History
You have not taken this quiz